Trade and the poor : (Record no. 395)

MARC details
000 -LEADER
fixed length control field 00569nam a22001937a 4500
003 - CONTROL NUMBER IDENTIFIER
control field OSt
005 - DATE AND TIME OF LATEST TRANSACTION
control field 20160426120711.0
008 - FIXED-LENGTH DATA ELEMENTS--GENERAL INFORMATION
fixed length control field 140911b xxu||||| |||| 00| 0 eng d
020 ## - INTERNATIONAL STANDARD BOOK NUMBER
International Standard Book Number 185339324X
040 ## - CATALOGING SOURCE
Transcribing agency 040a
082 ## - DEWEY DECIMAL CLASSIFICATION NUMBER
Edition number 19
Classification number 380
Item number MAD 1996
100 ## - MAIN ENTRY--PERSONAL NAME
Personal name Madeley, John
9 (RLIN) 1041
245 ## - TITLE STATEMENT
Title Trade and the poor :
Remainder of title the impact of international trade on developing countries /
Statement of responsibility, etc. John Madley
260 ## - PUBLICATION, DISTRIBUTION, ETC. (IMPRINT)
Place of publication, distribution, etc. London
Name of publisher, distributor, etc. Intermediate technology publications
Date of publication, distribution, etc. 1996
300 ## - PHYSICAL DESCRIPTION
Extent xiii, 210 p ;
Dimensions 8 cm.
504 ## - BIBLIOGRAPHY, ETC. NOTE
Bibliography, etc includes index
650 ## - SUBJECT ADDED ENTRY--TOPICAL TERM
Topical term or geographic name as entry element Trade
9 (RLIN) 1042
942 ## - ADDED ENTRY ELEMENTS (KOHA)
Source of classification or shelving scheme Dewey Decimal Classification
Koha item type Short Loan
Holdings
Withdrawn status Lost status Source of classification or shelving scheme Damaged status Not for loan Home library Current library Date acquired Source of acquisition Inventory number Total Checkouts Full call number Barcode Date last seen Price effective from Koha item type
    Dewey Decimal Classification     MUST Main Library MUST Main Library 11/09/2014   2000/14313   380 MAD 1996 2014-2652 11/09/2014 11/09/2014 Short Loan
    Dewey Decimal Classification     MUST Main Library MUST Main Library 26/04/2016   2000/13481   380 MAD 1996 2016-1348 26/04/2016 26/04/2016 Short Loan